|
|
|
|
| LEADER |
01003nam a2200205 i 4500 |
| 003 |
GR-PaULI |
| 005 |
20241011111253.0 |
| 008 |
240214s1998 gr g 000 0 gre d |
| 020 |
|
|
|a 9605600145
|
| 040 |
|
|
|a GR-PaULI
|b gre
|c GR-PaULI
|e AACR2
|
| 082 |
0 |
4 |
|2 23
|a 949.587
|
| 245 |
1 |
0 |
|a Δωδεκάνησα :
|b συνθήκες - νόμοι - στατιστικές - χάρτες : 1947-1997 /
|c συλλογή επιμέλεια Τριαντ. Α. Γεροζήσης.
|
| 260 |
|
|
|a Αθήνα :
|b Βουλή των Ελλήνων,
|c 1998.
|
| 300 |
|
|
|a 587 σ. :
|b [1] αναδ. χάρτης ;
|c 28 εκ.
|
| 651 |
|
0 |
|9 201307
|a Δωδεκάνησα
|
| 700 |
1 |
|
|a Γεροζήσης, Τριαντάφυλος Αθ.,
|d 1934-
|e επιμελητής.
|9 55117
|
| 942 |
|
|
|2 ddc
|c BK
|
| 952 |
|
|
|0 0
|1 0
|2 ddc
|4 0
|6 949_587000000000000_ΔΩΔ
|7 0
|9 377560
|a LISP
|b LISP
|c BSC
|d 2024-02-14
|e ΧΡΙ
|i 363748
|l 0
|o 949.587 ΔΩΔ
|p 025000307503
|r 2024-02-14 00:00:00
|t 1
|w 2024-02-14
|y BK15
|
| 998 |
|
|
|c Σαλαμούρα
|d 2024-02
|
| 999 |
|
|
|c 219597
|d 219597
|